000 01792cam a22004457a 4500
999 _c8039
_d8039
001 13472147
003 OSt
005 20220928103722.0
008 040128s2003 enka bf 001 0 eng
010 _a 2004296355
015 _aGBA2-U3842
016 7 _a101170747
_2DNLM
020 _a0340807199
035 _a(OCoLC)ocm52342173
040 _aNLM
_cNLM
_dOIP
_dDLC
042 _alccopycat
050 0 0 _aRC675
_b.G48 2003
060 0 0 _a2003 D-441
082 0 0 _a616.1/2025
_222
100 1 _aGhuran, Azad.
_93766
245 1 0 _aEmergency cardiology :
_ban evidence-based guide to acute cardiac problems /
_cAzad Ghuran, Neal Uren, James Nolan.
260 _aLondon :
_bArnold ;
_aNew York, NY :
_bOxford University Press [distributor],
_c2003.
300 _aix, 278 p. :
_bill. ;
_c20 cm.
504 _aIncludes bibliographical references and index.
650 0 _aCardiovascular emergencies
_vHandbooks, manuals, etc.
_93767
650 0 _aEvidence-based medicine
_vHandbooks, manuals, etc.
_93768
650 1 2 _aEmergency Treatment
_vHandbooks.
_93769
650 1 2 _aHeart Diseases
_xdiagnosis
_vHandbooks.
_93770
650 1 2 _aHeart Diseases
_xtherapy
_vHandbooks.
_93771
650 2 2 _aEvidence-Based Medicine
_vHandbooks.
_93772
650 0 _aCardiovascular emergencies.
_93773
650 0 _aHeart
_xDiseases
_xDiagnosis.
_93774
700 1 _aUren, Neal.
_93775
700 1 _aNolan, J.
_q(James)
_93776
856 4 2 _3Publisher description
_uhttp://www.loc.gov/catdir/enhancements/fy0620/2004296355-d.html
856 4 1 _3Table of contents only
_uhttp://www.loc.gov/catdir/enhancements/fy0620/2004296355-t.html
906 _a7
_bcbc
_ccopycat
_d2
_encip
_f20
_gy-gencatlg
942 _2z
_cO_SHELF